000
00268nam a22001217a 4500
008
170904b xxu||||| |||| 00| 0 eng d
041
_a
eng
080
_a
070
100
_a
40
101
_a
MED
245
_a
PUBLIC OPINION QUARTER
_c
CAUOER.M.,
942
_2
udc
_c
BK
999
_c
25913
_d
25913